| 000 -LEADER |
| fixed length control field |
01032cam a22002294a 4500 |
| 020 ## - INTERNATIONAL STANDARD BOOK NUMBER |
| ISBN |
9789067043113 (hardbound) |
| 020 ## - INTERNATIONAL STANDARD BOOK NUMBER |
| ISBN |
9067043117 (hardbound) |
| 040 ## - CATALOGING SOURCE |
| Transcribing agency |
DLC |
| 082 #4 - DEWEY DECIMAL CLASSIFICATION NUMBER |
| Classification number |
341TMC 2010 C152 Or. |
| 245 00 - TITLE STATEMENT |
| Title |
International law and armed conflict : |
| Remainder of title |
challenges in the 21st century / |
| 260 ## - PUBLICATION, DISTRIBUTION, ETC. (IMPRINT) |
| Place of publication |
The Hague, The Netherlands : |
| Name of publisher |
T.M.C. Asser Press, |
| Year of publication |
c2010 |
| 300 ## - PHYSICAL DESCRIPTION |
| Number of Pages |
xxviii, 434 p. ; |
| Dimensions |
25 cm |
| 500 ## - GENERAL NOTE |
| General note |
Presents some of the issues and challenges addressed during the Symposium on International Law and Armed Conflict, held in September 2008 at the University of the West of England (UK) |
| 650 #0 - SUBJECT ADDED ENTRY--TOPICAL TERM |
| Topical Term |
War (International law) |
| 650 #0 - SUBJECT ADDED ENTRY--TOPICAL TERM |
| Topical Term |
International criminal courts |
| 700 1# - ADDED ENTRY--PERSONAL NAME |
| Personal name |
Qu©♭nivet, No©±lle N. R |
| 700 1# - ADDED ENTRY--PERSONAL NAME |
| Personal name |
Shah-Davis, Shilan |
| 856 41 - ELECTRONIC LOCATION AND ACCESS |
| Uniform Resource Identifier |
http://catdir.loc.gov/catdir/enhancements/fy1010/2010288833-t.html |
| 856 42 - ELECTRONIC LOCATION AND ACCESS |
| Uniform Resource Identifier |
http://catdir.loc.gov/catdir/enhancements/fy1010/2010288833-d.html |
| 856 42 - ELECTRONIC LOCATION AND ACCESS |
| Uniform Resource Identifier |
http://catdir.loc.gov/catdir/enhancements/fy1010/2010288833-b.html |
| 942 ## - ADDED ENTRY ELEMENTS (KOHA) |
| Koha item type |
ADB |
| 952 ## - LOCATION AND ITEM INFORMATION (KOHA) |
| Withdrawn status [LOCAL, KOHA] |
0 |